000
00248nam a2200109Ia 4500
008
190912s9999||||xx |||||||||||||| ||und||
100
_a
Thompson
245
0
_a
Strategic Management
260
_a
USA
_b
Education
_c
1998
300
_a
1049
942
_c
BK
999
_c
7582
_d
7582